000 00276nam a22001217a 4500
008 170407b xxu||||| |||| 00| 0 eng d
041 _aeng
080 _22 ED
_a616
100 _a9
101 _aSHM
245 _aHUMAN COMMUNICATION DISORDERS
_cSHAMES.G.H
942 _2udc
_cBK
999 _c10230
_d10230